| 000 | 01929nam a22002897a 4500 | ||
|---|---|---|---|
| 005 | 20110127061155.0 | ||
| 020 |
_a9780143068761 _c250.00 |
||
| 035 | _aB-424191-198 | ||
| 037 | _bPenguin Books | ||
| 037 | _bAllied/DE/2011/CR/0000149/27.4.11/85/24.3.11/10.6.11 | ||
| 082 | _aN | ||
| 100 | 1 |
_aPhillips, Maha Khan _932196 |
|
| 245 | 1 | 0 |
_aBeautiful from this angle / _cby Maha Khan Phillips |
| 260 |
_aNew Delhi _bPenguin Books _c2010 |
||
| 270 |
_a11 Community Centre, Panchsheel Park _bNew Delhi _e110017 |
||
| 300 |
_a234 p. _c21cm (pbk) |
||
| 650 | 0 |
_aSocialites _zPakistan _zKarachi _vFiction. _932197 |
|
| 942 |
_2ddc _cEN _mPHI _hN |
||
| 999 |
_c51307 _d51307 |
||